| 000 | 01866nmc a2200661 a 4500 | ||
|---|---|---|---|
| 003 | AR-BaBNM | ||
| 005 | 20251128211646.0 | ||
| 008 | 195020s2001 ||||||||||||||000 | spa|| | ||
| 020 | _a84-7827-256-9 | ||
| 040 | _cAR-BaBNM | ||
| 245 | 1 | 0 | _aEl legado pedagógico del siglo XX para la escuela del siglo XXI |
| 250 | _a1ª ed. | ||
| 260 |
_aBarcelona _bGraó _c2001 |
||
| 300 | 0 | _a360 p. | |
| 490 | 0 |
_aColección Graó. Serie Historia de la Educación _v159 |
|
| 500 | 0 | _aContiene cronología de acontecimientos importantes del siglo veinte | |
| 504 | _aIncluye bibliografía al final de cada capítulo | ||
| 600 | 1 | 4 | _aDewey, John |
| 600 | 1 | 4 | _aFerrer Guardia, Francisco |
| 600 | 1 | 4 | _aMontessori, María |
| 600 | 1 | 4 | _aDecroly, Ovide |
| 600 | 1 | 4 | _aMakarenko, Anton |
| 600 | 1 | 4 | _aNeill, Alexander S. |
| 600 | 1 | 4 | _aPiaget, Jean |
| 600 | 1 | 4 | _aVigotsky, Liev Semiónovich |
| 600 | 1 | 4 | _aSkinner, Burrhus Frederic |
| 600 | 1 | 4 | _aFreinet, Cèlestin |
| 600 | 1 | 4 | _aIllich, Ivan |
| 600 | 1 | 4 | _aBernstein, Basil |
| 600 | 1 | 4 | _aFreire, Paulo |
| 650 | 4 | _aTEORIAS DE LA EDUCACION | |
| 650 | 4 | _aHISTORIA DE LA EDUCACION | |
| 650 | 4 | _aSIGLO VEINTE | |
| 650 | 4 | _aMETODOS DE ENSENANZA | |
| 650 | 4 | _aPEDAGOGIA | |
| 653 | _aMODELOS EDUCATIVOS | ||
| 653 | _aPEDAGOGOS | ||
| 700 | 1 |
_aTrilla, J. _ecoordinador |
|
| 700 | 1 | _aCano, E. | |
| 700 | 1 | _aCarretero, M. | |
| 700 | 1 | _aEscofet, A. | |
| 700 | 1 | _aFairstein, G. | |
| 700 | 1 | _aFernández Fernández, J.A. | |
| 700 | 1 | _aGonzález Monteagudo, J. | |
| 700 | 1 | _aGros, B. | |
| 700 | 1 | _aImbernón, F. | |
| 700 | 1 | _aLorenzo, N. | |
| 700 | 1 | _aMonés, J. | |
| 700 | 1 | _aMuset, M. | |
| 700 | 1 | _aPla, M. | |
| 700 | 1 | _aPuig, J.M. | |
| 700 | 1 | _aRodríguez Illera, J.L. | |
| 700 | 1 | _aSolà, P. | |
| 700 | 1 | _aTort, A. | |
| 700 | 1 | _aVila, I. | |
| 942 | _cBK | ||
| 998 | _ccalidad | ||
| 999 |
_c20607 _d20607 |
||